000 00656nam a2200253Ia 4500
003 OSt
005 20220924122537.0
006 a|||||r|||| 00| 0
007 ta
008 220923b |||||||| |||| 00| 0 urd d
020 _c9
024 _a318256
037 _cTextual
040 _aARTS
_cARTS
_burd
041 _2urd
_aurd
082 _aO168,3NBU,36, L4
100 _aBatt Razia Au.
245 0 _aInsaniyat
260 _aLuckhnow
_bMaktaba Aaina-e-adab India
_c1974
300 _a304p.
_ccm.
650 _aURDU FICTION
_93298
942 _hO168,3NBU,36, L4
_cTEXL
_2CC
999 _c412054
_d412054